Substitution of potassium with sodium as nutrient for the growth of rubber seedlings (Record no. 69903)

MARC details
000 -LEADER
fixed length control field 00477nam a2200169Ia 4500
100 ## - MAIN ENTRY--AUTHOR NAME
Personal name George E S
245 #0 - TITLE STATEMENT
Title Substitution of potassium with sodium as nutrient for the growth of rubber seedlings
260 ## - PUBLICATION, DISTRIBUTION, ETC. (IMPRINT)
Name of publisher Natural Rubber Research
Year of publication 2006
300 ## - PHYSICAL DESCRIPTION
Number of Pages 58-61
650 ## - SUBJECT ADDED ENTRY--TOPICAL TERM
Topical Term Potassium
650 ## - SUBJECT ADDED ENTRY--TOPICAL TERM
Topical Term Rubber seedlings
650 ## - SUBJECT ADDED ENTRY--TOPICAL TERM
Topical Term Sodium uptake
700 ## - ADDED ENTRY--PERSONAL NAME
Personal name Karthikakuttyamma M
700 ## - ADDED ENTRY--PERSONAL NAME
Personal name Punnoose K I
942 ## - ADDED ENTRY ELEMENTS (KOHA)
Koha item type Journals
Holdings
Withdrawn status Lost status Damaged status Not for loan Home library Current library Shelving location Date acquired Serial Enumeration / chronology Koha item type
      Journals RRII Library RRII Library Agronomy 26/11/2007 Volume 19, Issue 1&2 Journals